Szczegóły MARC21

Slovar' sinonimov russkogo âzyka : v dvuh tomah. T. 1, A - N /

003 -Nazwa inst., której nr kontr. jest w polu 001 [,]
    • @
    • Nazwa instytucji, której n kontrolny jest w polu 001
    • NUKAT
005 -DATA I CZAS OSTATNIEJ MODYFIKACJI [,]
    • @
    • pole kontrolne
    • 20241231094830.0
040 -Instytucja sporządzająca opis [ , ]
    • a
    • Instytucja, która sporządziła opis (NP)
    • KR 119/ara
    • c
    • Instytucja, która sporządziła rekord (NP)
    • KR 119/ara
    • d
    • Instytucja, która zmodyfikowała rekord (P)
    • KR 119/SWs
    • d
    • Instytucja, która zmodyfikowała rekord (P)
    • WA U/JK
942 -Rodzaj dokumentu [ , ]
    • c
    • Rodzaj dokumentu
    • Książka
245 -Strefa tytułu i oznaczenia odpowiedzialności [0,0]
    • a
    • Tytuł
    • Slovar' sinonimov russkogo âzyka : Find
    • b
    • Ciąg dalszy tytułu (NP)
    • v dvuh tomah. Find
    • n
    • Oznaczenie części (P)
    • T. 1,
    • n
    • Oznaczenie części (P)
    • A - N /
    • c
    • Pozostałe elementy strefy tytułu i oznaczenia odpowiedzialności (NP)
    • [glavnyj redaktor A. P. Evgen'eva] ; Akademiâ Nauk SSSR Instityt Russkogo Âzyka.
260 -Strefa adresu wydawniczego [ , ]
    • a
    • Miejsce wydania (P)
    • Leningrad :
    • b
    • Nazwa wydawcy (P)
    • Izdatel'stvo "Nauka" Leningradskoe Otdelenie,
    • c
    • Data wydania (P)
    • 1970.
300 -Strefa opisu fizycznego [ , ]
    • a
    • Określenie formy książki i/lub objętość (NP)
    • 680 s. ;
    • c
    • Format (NP)
    • 27 cm.
336 -Typ zawartości [ , ]
    • a
    • Termin opisujący typ zawartości
    • Tekst
    • b
    • Kod określający zawartość
    • txt
    • 2
    • Źródło (terminu i kodu)
    • rdacontent
337 -Typ mediów [ , ]
    • a
    • Tryb odtwarzania
    • Bez urządzenia pośredniczącego
    • b
    • Kod typu mediów
    • n
    • 2
    • Źródło (terminu i kodu)
    • rdamedia
338 -Typ/rodzaj nośnika [ , ]
    • a
    • Hasło opisujące typ nośnika
    • Wolumin
    • b
    • Kod typu nośnika
    • nc
    • 2
    • Źródło (terminu i kodu)
    • rdacarrier
650 -Hasło przedmiotowe [ ,7]
    • a
    • Hasło przedmiotowe
    • Język rosyjski
    • x
    • Określnik rzeczowy
    • synonimy i antonimy
    • v
    • Określnik formalny
    • słowniki.
    • 2
    • Źródło terminu
    • kaba
    • 9
    • KHW
    • 365839
700 -Hasło dodatkowe - nazwa osobowa [1, ]
    • a
    • Nazwa osobowa (NP)
    • Evgenʹeva, Anastasiâ Petrovna Find
    • d
    • Daty biograficzne (NP)
    • (1899-1985).
    • e
    • Określenie rodzaju współpracy
    • Red.
    • 9
    • KHW
    • 38627
710 -Hasło dodatkowe - nazwa ciała zbiorowego [2, ]
    • a
    • Nazwa ciała zbiorowego lub nazwa geograficzna jako pierwszy element (NP)
    • Izdatelʹstvo "Nauka".
    • 4
    • Kod relacji
    • pbl
    • 9
    • KHW
    • 54307
Uwagi nie widoczne w OPAC Status udost. Numer inwentarzowy Sygnatura Lokalizacja Data inwentaryzacji
[n]retrokonwersja-3W.2800W.2800BG
[n]retrokonwersja-3W.2801W.2800BG
[n]retrokonwersja2W.2802W.2800BG
[n]retrokonwersja2W.2803W.2800BG
[n]retrokonwersja1Z.979Z.979BG 
[n]retrokonwersja1R.6889ROS. Słowniki synonimów 01BM